| 000 | 00620cab a2200217 4500 | ||
|---|---|---|---|
| 001 | E2011 | ||
| 008 | 090401t1994 xxu||||| |||| 00| 0 eng d | ||
| 035 | _a(Sirsi) u36954 | ||
| 041 | _aeng | ||
| 100 | _aCollar, N. | ||
| 245 | _aValidity of planning permission | ||
| 260 | _c1994 | ||
| 350 | _a0 | ||
| 490 |
_aProperty Law _v(7) January 1994 7-8(2) |
||
| 520 | _aExplains that a valid planning permission is an essential element in many property transactions. | ||
| 650 | _aCUMMING V SOS SCOTLAND | ||
| 650 | _aPLANNING PERMISSION | ||
| 690 | _aPLANNING LAW AND PRACTICE | ||
| 942 | _n0 | ||
| 948 | _c04/03/1997 | ||
| 999 |
_c23914 _d23914 |
||